[Event "Politiken Cup 2007"]
[Site "Helsingor"]
[Date "2007.07.22"]
[Round "2.79"]
[White "Thorsteinsdottir, Hallgerdur"]
[Black "Vas, Peter"]
[Result "0-1"]
[WhiteElo "1808"]
[BlackElo "2166"]
[PlyCount "114"]
[EventDate "2007.??.??"]

1. e4 e5 2. Nf3 Nf6 3. Nxe5 d6 4. Nf3 Nxe4 5. d4 d5 6. Bd3 Bd6 7. O-O O-O 8. c4
c6 9. Nc3 Nxc3 10. bxc3 dxc4 11. Bxc4 Bg4 12. Qd3 Nd7 13. Re1 Qc7 14. h3 Bh5
15. Qf5 Bg6 16. Qg5 Rfe8 17. Bd2 Nf6 18. Rxe8+ Rxe8 19. Re1 Be4 20. Qe3 Nd5 21.
Bxd5 cxd5 22. Qg5 f6 23. Qg4 Qc8 24. Nh4 Qxg4 25. hxg4 g6 26. g3 Rc8 27. Ng2
Rc4 28. Ne3 Ra4 29. Ra1 Ba3 30. Nd1 Bf3 31. g5 f5 32. Bc1 Bxc1 33. Rxc1 Rxa2
34. Ne3 b5 35. Rb1 a6 36. Kf1 Ra3 37. Rc1 Rb3 38. Ke1 a5 39. Kd2 Be4 40. Ra1 a4
41. Nd1 Kf7 42. f4 a3 43. Ra2 Bb1 44. Ra1 a2 45. Kc1 b4 46. Kd2 Ke6 47. cxb4
Rxb4 48. Nc3 Rb2+ 49. Kd1 Kd6 50. Ke1 Kc6 51. Kd1 Rg2 52. Ke1 Rc2 53. Nd1 Rc1
54. Kd2 Rxd1+ 55. Kxd1 Kb5 56. Kc1 Kc4 57. Rxb1 axb1=Q+ 0-1

[Event "Politiken Cup 2007"]
[Site "Helsingor"]
[Date "2007.07.22"]
[Round "2.80"]
[White "Jonsson, Krister"]
[Black "Vaarala, Eric"]
[Result "1/2-1/2"]
[WhiteElo "2114"]
[BlackElo "1813"]
[PlyCount "75"]
[EventDate "2007.??.??"]

1. d4 Nf6 2. c4 e6 3. Nc3 Bb4 4. e3 O-O 5. Bd3 d5 6. Nge2 c6 7. a3 Ba5 8. O-O
Bc7 9. Ng3 Nbd7 10. cxd5 exd5 11. Nf5 g6 12. Ng3 Re8 13. b4 h5 14. f4 Ng4 15.
Qf3 Qh4 16. h3 Ndf6 17. Nh1 Nh6 18. Nf2 Nh7 19. g3 Qd8 20. Bb2 f5 21. Bc2 a6
22. Nd3 Nf6 23. Ne5 Bxe5 24. fxe5 Ne4 25. Nxe4 fxe4 26. Qf4 Kg7 27. Kh2 Be6 28.
Qf6+ Qxf6 29. Rxf6 Ng8 30. Rf2 Rf8 31. Raf1 Rxf2+ 32. Rxf2 Rf8 33. Rxf8 Kxf8
34. a4 b5 35. Bd1 Nh6 36. Bc1 Kf7 37. a5 Kg7 38. Bd2 1/2-1/2

[Event "Politiken Cup 2007"]
[Site "Helsingor"]
[Date "2007.07.22"]
[Round "2.81"]
[White "Lubbers, Johan"]
[Black "Melkaraen, Terje"]
[Result "1/2-1/2"]
[WhiteElo "2077"]
[BlackElo "1801"]
[PlyCount "114"]
[EventDate "2007.??.??"]

1. d4 Nf6 2. c4 e6 3. Nf3 d5 4. e3 c6 5. Bd3 Bd6 6. O-O O-O 7. b3 Nbd7 8. Bb2
b6 9. Ne5 Bb7 10. f4 Qe7 11. Nd2 c5 12. Rc1 Rac8 13. Ndf3 Ne4 14. Nxd7 Qxd7 15.
Ne5 Qe7 16. Qe2 f6 17. Nf3 Rfd8 18. Rfd1 Rd7 19. Qc2 Rdc7 20. Qb1 a6 21. Re1
Rd8 22. Rcd1 Kh8 23. Nd2 Nxd2 24. Rxd2 dxc4 25. bxc4 b5 26. Rc1 cxd4 27. Bxd4
Ba3 28. Rcc2 Bb4 29. Rd1 Bc5 30. cxb5 Bxd4 31. exd4 axb5 32. Rxc7 Qxc7 33. Qxb5
Bd5 34. a4 Qxf4 35. Bf1 h5 36. Qe2 h4 37. Qf2 Qg5 38. a5 h3 39. g3 Rc8 40. Bxh3
Rc1 41. Re1 e5 42. dxe5 fxe5 43. Bf1 Rc3 44. Qe2 Bc4 45. Qb2 Rxg3+ 46. Bg2 Re3
47. Qf2 Rxe1+ 48. Qxe1 Bd5 49. Qf2 Bxg2 50. Qxg2 Qc1+ 51. Qf1 Qc5+ 52. Kg2 Qxa5
53. Qf8+ Kh7 54. Qf5+ Kg8 55. Qc8+ Kf7 56. Qf5+ Ke7 57. Qg5+ Kf7 1/2-1/2

[Event "Politiken Cup 2007"]
[Site "Helsingor"]
[Date "2007.07.22"]
[Round "2.82"]
[White "Valla, Martin"]
[Black "Hedler, Robert"]
[Result "1-0"]
[WhiteElo "2033"]
[BlackElo "1800"]
[PlyCount "65"]
[EventDate "2007.??.??"]

1. d4 e6 2. c4 b6 3. Nc3 Bb7 4. e4 d5 5. cxd5 exd5 6. e5 Nd7 7. f4 Ne7 8. Nf3
h6 9. Bd3 g6 10. O-O Bg7 11. Qc2 c5 12. e6 Nf6 13. exf7+ Kf8 14. Ne5 cxd4 15.
Nb5 Rc8 16. Qe2 Ne4 17. Nxa7 Nf5 18. Nxg6+ Kxf7 19. Qh5 Kf6 20. Nxc8 Bxc8 21.
Nxh8 Bxh8 22. Qe2 Nfd6 23. Bd2 Qg8 24. Bb4 Bg4 25. Qc2 Nf5 26. Qc6+ Kg7 27.
Qd7+ Kg6 28. Rac1 Ne3 29. f5+ Kh5 30. Rc8 Qg5 31. Qe8+ Kh4 32. Be1+ Ng3 33.
hxg3# 1-0

[Event "Politiken Cup 2007"]
[Site "Helsingor"]
[Date "2007.07.22"]
[Round "2.84"]
[White "Petersen, Nils"]
[Black "Nilsson, Ulf"]
[Result "1/2-1/2"]
[WhiteElo "2026"]
[BlackElo "1800"]
[PlyCount "112"]
[EventDate "2007.??.??"]

1. c4 Nf6 2. Nc3 e6 3. e4 d5 4. e5 d4 5. exf6 dxc3 6. bxc3 Qxf6 7. d4 e5 8. Nf3
exd4 9. cxd4 Bb4+ 10. Bd2 Bxd2+ 11. Qxd2 O-O 12. Be2 c5 13. O-O cxd4 14. Qxd4
Nc6 15. Qxf6 gxf6 16. Rfd1 Re8 17. Kf1 Be6 18. Nd4 Nxd4 19. Rxd4 Rac8 20. a4
Rc5 21. Rb1 b6 22. Rb5 Rec8 23. Rxc5 Rxc5 24. Ke1 Ra5 25. Bd1 Rc5 26. Bb3 a6
27. Kd2 b5 28. Kc3 bxa4 29. Bxa4 Kf8 30. Kb4 Rh5 31. h4 Ke7 32. g3 Re5 33. Bc2
h6 34. Be4 a5+ 35. Kc3 f5 36. Bd3 Re1 37. Rf4 Re5 38. Rd4 Re1 39. c5 Re5 40.
Ra4 Rxc5+ 41. Kd4 Kd6 42. Ra1 f4 43. gxf4 Rh5 44. f5 Bxf5 45. Rxa5 Rxh4+ 46.
Kc3 Be6 47. Kd2 Rh2 48. Ke3 Rh3+ 49. f3 h5 50. Kf4 h4 51. Bf5 Bxf5 52. Rxf5 Ke6
53. Rh5 Rh1 54. Rh6+ f6 55. Kg4 Rg1+ 56. Kf4 Rh1 1/2-1/2

[Event "Politiken Cup 2007"]
[Site "Helsingor"]
[Date "2007.07.22"]
[Round "2.85"]
[White "Szalai, Janos"]
[Black "Nielsen, John Holm"]
[Result "0-1"]
[WhiteElo "1784"]
[BlackElo "2024"]
[PlyCount "142"]
[EventDate "2007.??.??"]

1. e4 e5 2. Nf3 Nc6 3. Bb5 a6 4. Ba4 Nf6 5. O-O Be7 6. Re1 b5 7. Bb3 d6 8. c3
O-O 9. h3 Nb8 10. d4 Nbd7 11. Nbd2 Bb7 12. Bc2 Re8 13. Nf1 Bf8 14. Ng3 g6 15.
Nh2 Bg7 16. d5 Nb6 17. Ng4 Nxg4 18. Qxg4 c6 19. dxc6 Bxc6 20. Bg5 Qc7 21. Nh5
gxh5 22. Qxh5 Re6 23. Re3 Rg6 24. Rg3 h6 25. Bxh6 Rxg3 26. fxg3 Bxh6 27. Qxh6
Qe7 28. Rf1 Qf8 29. Qh4 Bd7 30. Rf6 Be6 31. Rh6 Qg7 32. Bd1 Nd7 33. Rh5 Qf6 34.
Rg5+ Kf8 35. Qh5 Ke7 36. h4 Rh8 37. Qe2 Rh6 38. a4 Bc4 39. Qe1 Nc5 40. Rf5 Qg7
41. axb5 axb5 42. b4 Nd7 43. Kh2 Rf6 44. Rg5 Qh6 45. Be2 Rg6 46. Rxg6 Qxg6 47.
Bxc4 bxc4 48. b5 Nc5 49. Qe3 Kd7 50. Kh3 Qxe4 51. Qxe4 Nxe4 52. h5 Ke6 53. b6
Nc5 54. g4 Kf6 55. Kg3 Kg5 56. Kf3 d5 57. Ke3 f6 58. g3 Nb7 59. Kf3 d4 60. cxd4
exd4 61. Ke4 d3 62. Ke3 Nc5 63. Kd2 c3+ 64. Kxc3 Na4+ 65. Kxd3 Nxb6 66. Ke4 Nd7
67. h6 Nf8 68. Kf3 Nh7 69. Ke3 Kxg4 70. Ke4 Ng5+ 71. Kd5 Kxg3 0-1

[Event "Politiken Cup 2007"]
[Site "Helsingor"]
[Date "2007.07.22"]
[Round "2.86"]
[White "Almasy, Alexander"]
[Black "Andersen, Rune Egede"]
[Result "0-1"]
[WhiteElo "1752"]
[BlackElo "2016"]
[PlyCount "46"]
[EventDate "2007.??.??"]

1. d4 d5 2. c4 dxc4 3. Nf3 Nf6 4. Nc3 a6 5. e3 b5 6. a4 b4 7. Na2 e6 8. Bxc4
Bb7 9. O-O Nbd7 10. Qb3 Rb8 11. Ng5 Bd6 12. f3 Ng4 13. e4 Bxh2+ 14. Kh1 h6 15.
Bxe6 hxg5 16. Bxf7+ Kf8 17. Bh5 Nge5 18. dxe5 Rxh5 19. f4 g4 20. e6 Bg3+ 21.
Kg1 Rh1+ 22. Kxh1 Qh4+ 23. Kg1 Qh2# 0-1

[Event "Politiken Cup 2007"]
[Site "Helsingor"]
[Date "2007.07.22"]
[Round "2.87"]
[White "Svendsen, Peter"]
[Black "Traustason, Ingi Tandri"]
[Result "1-0"]
[WhiteElo "2015"]
[BlackElo "1782"]
[PlyCount "107"]
[EventDate "2007.??.??"]

1. d4 Nf6 2. c4 d5 3. Nc3 c6 4. cxd5 cxd5 5. Nf3 Nc6 6. Bg5 e6 7. Qa4 Be7 8. e3
O-O 9. Bd3 Nb4 10. Be2 Bd7 11. Qd1 Rc8 12. O-O h6 13. Bh4 Nc6 14. Rc1 a6 15.
Bd3 Na5 16. Ne5 Nc4 17. Qe2 Nxe5 18. dxe5 Nh7 19. Bxe7 Qxe7 20. Bb1 g6 21. Rfd1
Kg7 22. Rd4 b5 23. Qd2 b4 24. Ne2 a5 25. Rxc8 Rxc8 26. f4 Bb5 27. Bd3 Bxd3 28.
Rxd3 Qc7 29. Nd4 Nf8 30. h4 Nd7 31. Qe2 Nc5 32. Rd2 Qe7 33. g3 Ne4 34. Rd1 Nxg3
35. Qg4 Nf5 36. Nxf5+ exf5 37. Qg3 Rc2 38. Rxd5 a4 39. h5 Rxb2 40. hxg6 Rb1+
41. Kf2 Rb2+ 42. Ke1 Qe6 43. gxf7+ Kxf7 44. Qf3 Rxa2 45. Rd1 Qe7 46. Qh5+ Kg7
47. Rd6 Rg2 48. Rxh6 Kf8 49. Qxf5+ Kg8 50. Qc8+ Kg7 51. Qh8+ Kf7 52. Rh7+ Ke6
53. Rxe7+ Kxe7 54. Qf6+ 1-0

[Event "Politiken Cup 2007"]
[Site "Helsingor"]
[Date "2007.07.22"]
[Round "2.88"]
[White "Meier, Lars"]
[Black "Preuss, Flemming"]
[Result "1-0"]
[WhiteElo "1744"]
[BlackElo "2013"]
[PlyCount "105"]
[EventDate "2007.??.??"]

1. e4 e5 2. Nf3 d6 3. d4 Nf6 4. Nc3 Nbd7 5. dxe5 dxe5 6. Bc4 Be7 7. O-O O-O 8.
Be3 c6 9. h3 b5 10. Bb3 b4 11. Ne2 Nxe4 12. Qd3 Nec5 13. Bxc5 Bxc5 14. Rad1 Qe7
15. Ng3 a5 16. Qe4 Bb7 17. Rfe1 g6 18. Nxe5 Nf6 19. Qf3 Kg7 20. Ng4 h5 21. Rxe7
hxg4 22. hxg4 Bxe7 23. g5 Nd5 24. Bxd5 cxd5 25. Qf4 Rfe8 26. Nf1 Rad8 27. Ne3
Rd6 28. Ng4 Re6 29. Qd4+ f6 30. gxf6+ Bxf6 31. Nxf6 Rxf6 32. Qa7 Rf7 33. Qxa5
Re2 34. Qxb4 Rxc2 35. Re1 Rc4 36. Qd6 Rc2 37. f3 Rc6 38. Qxd5 Rcf6 39. Qd4 Bc8
40. Re8 Bf5 41. Qh4 Rf8 42. Rxf8 Rxf8 43. Qe7+ Rf7 44. Qe5+ Kf8 45. a3 Re7 46.
Qf6+ Ke8 47. Kf2 Rf7 48. Qc6+ Ke7 49. b4 g5 50. b5 g4 51. b6 gxf3 52. Qc7+ Bd7
53. gxf3 1-0

[Event "Politiken Cup 2007"]
[Site "Helsingor"]
[Date "2007.07.22"]
[Round "2.89"]
[White "Henrichsen, Jens"]
[Black "Lie, Terje"]
[Result "1-0"]
[WhiteElo "2010"]
[BlackElo "1772"]
[PlyCount "55"]
[EventDate "2007.??.??"]

1. d4 Nf6 2. c4 e6 3. Nf3 Bb4+ 4. Bd2 Qe7 5. Nc3 Nc6 6. g3 d6 7. d5 Nb8 8. Qa4+
c6 9. Qxb4 O-O 10. Bg2 c5 11. Qb3 e5 12. e4 h6 13. O-O b6 14. Nh4 Na6 15. a3
Nc7 16. Rae1 Bd7 17. Nf5 Bxf5 18. exf5 Rfb8 19. f4 e4 20. Bxe4 Nxe4 21. Nxe4
Qd7 22. f6 b5 23. fxg7 Kxg7 24. Qc3+ Kg6 25. f5+ Qxf5 26. Rxf5 Kxf5 27. Qf6+
Kg4 28. Nf2+ 1-0

[Event "Politiken Cup 2007"]
[Site "Helsingor"]
[Date "2007.07.22"]
[Round "2.90"]
[White "Nielsen, Martin Skovso"]
[Black "Nurmi, Timo"]
[Result "0-1"]
[WhiteElo "1735"]
[BlackElo "2008"]
[PlyCount "84"]
[EventDate "2007.??.??"]

1. e4 c5 2. Nf3 d6 3. d4 cxd4 4. Bc4 e6 5. O-O Nf6 6. Re1 Be7 7. Nxd4 O-O 8.
Nc3 a6 9. a4 Nxe4 10. Rxe4 d5 11. Bxd5 exd5 12. Re5 Bf6 13. Rxd5 Qc7 14. g3 b6
15. Bf4 Qc4 16. Qd2 Bb7 17. b3 Qc8 18. Rd6 Qc5 19. Re1 Qh5 20. Rxb6 Bxd4 21.
Rxb7 Qf3 22. Rxb8 Raxb8 23. Qxd4 Rbc8 24. Re3 Qg4 25. Qb6 f6 26. Qxa6 Rfd8 27.
Qa5 g5 28. f3 Qd7 29. Rd3 Qe8 30. Rxd8 Rxd8 31. Ne4 Kg7 32. Bd6 Rxd6 33. Qf5
Rd1+ 34. Kg2 Qg6 35. Qxg6+ hxg6 36. a5 f5 37. a6 fxe4 38. b4 e3 39. a7 Ra1 40.
a8=Q Rxa8 41. Kf1 Rc8 42. Ke2 Rxc2+ 0-1

[Event "Politiken Cup 2007"]
[Site "Helsingor"]
[Date "2007.07.22"]
[Round "2.91"]
[White "Jensen, Soren Holm"]
[Black "Palvig, David Kinch"]
[Result "1/2-1/2"]
[WhiteElo "2004"]
[BlackElo "1741"]
[PlyCount "64"]
[EventDate "2007.??.??"]

1. e4 c6 2. d4 d5 3. Nc3 dxe4 4. Nxe4 Bf5 5. Ng3 Bg6 6. h4 h6 7. Nf3 Nd7 8. h5
Bh7 9. Bd3 Bxd3 10. Qxd3 Ngf6 11. Bd2 e6 12. O-O-O Qc7 13. Ne4 O-O-O 14. Qe2
Nxe4 15. Qxe4 Nf6 16. Qe2 Bd6 17. c4 Bf4 18. g3 Bxd2+ 19. Rxd2 c5 20. Ne5 Rxd4
21. Rxd4 cxd4 22. Rd1 Rd8 23. f4 d3 24. Qf3 d2+ 25. Rxd2 Rxd2 26. Kxd2 Qa5+ 27.
Kc2 Qxa2 28. Qe3 Qa4+ 29. b3 Qa2+ 30. Kc3 Qa5+ 31. Kb2 Qb6 32. Qe2 Qc7 1/2-1/2

[Event "Politiken Cup 2007"]
[Site "Helsingor"]
[Date "2007.07.22"]
[Round "2.92"]
[White "Wilhelm, Holger"]
[Black "Kokholm, Daniel"]
[Result "0-1"]
[WhiteElo "1690"]
[BlackElo "2000"]
[PlyCount "56"]
[EventDate "2007.??.??"]

1. d4 d5 2. c4 Nc6 3. Nf3 Bg4 4. e3 e6 5. Be2 Bb4+ 6. Bd2 Bxd2+ 7. Nbxd2 Nge7
8. c5 O-O 9. O-O a5 10. Re1 f5 11. h3 Bxf3 12. Nxf3 h6 13. a3 g5 14. Qc2 Qe8
15. Reb1 Qf7 16. Bb5 Qg7 17. h4 g4 18. Ne1 f4 19. g3 fxg3 20. fxg3 Nf5 21. Kh2
Nxe3 22. Qe2 Nf1+ 23. Kg2 Nxd4 24. Qd3 Nxb5 25. Nc2 Rf3 26. Qxb5 Qe5 27. Rxf1
Qxg3+ 28. Kh1 Qxh4+ 0-1

[Event "Politiken Cup 2007"]
[Site "Helsingor"]
[Date "2007.07.22"]
[Round "2.93"]
[White "Andersen, Daniel"]
[Black "Jorgensen, Orla Eilegaard"]
[Result "1-0"]
[WhiteElo "1997"]
[BlackElo "1731"]
[PlyCount "85"]
[EventDate "2007.??.??"]

1. c4 f5 2. d4 e6 3. Nf3 Nf6 4. Nc3 b6 5. Bf4 Bb7 6. e3 Bb4 7. h3 Ne4 8. Qc2 d6
9. Bd3 Nd7 10. O-O Bxc3 11. bxc3 Ndf6 12. Nd2 O-O 13. f3 Nxd2 14. Qxd2 Nh5 15.
Bh2 Qg5 16. Qf2 Ba6 17. Rfd1 Rad8 18. a4 f4 19. exf4 Nxf4 20. Bxf4 Qxf4 21. a5
Bc8 22. axb6 axb6 23. Re1 Qg5 24. Re4 Rf4 25. Qe3 Rdf8 26. Ra7 e5 27. Kh2 Bf5
28. g3 Bxe4 29. gxf4 exf4 30. Qxe4 Qg3+ 31. Kh1 Qxh3+ 32. Kg1 Qg3+ 33. Kf1 Qh3+
34. Ke2 Qh2+ 35. Kd1 g6 36. Rxc7 Qg1+ 37. Kc2 Qh2+ 38. Kb3 Qh1 39. Qe6+ Kh8 40.
Qe7 Qh6 41. Qxd6 Ra8 42. Qe5+ Kg8 43. Qd5+ 1-0

[Event "Politiken Cup 2007"]
[Site "Helsingor"]
[Date "2007.07.22"]
[Round "2.94"]
[White "Christiansen, Torsten Sundgaard"]
[Black "Green, Per"]
[Result "0-1"]
[WhiteElo "1658"]
[BlackElo "1997"]
[PlyCount "64"]
[EventDate "2007.??.??"]

1. d4 Nf6 2. e3 d5 3. Bd3 c5 4. c3 Bg4 5. f3 Bh5 6. Ne2 Bg6 7. Bb5+ Nc6 8. dxc5
e5 9. b4 Be7 10. O-O O-O 11. Bxc6 bxc6 12. Nd2 Bd3 13. Nb3 Ba6 14. a4 Qd7 15.
h3 Nh5 16. e4 Bxe2 17. Qxe2 Ng3 18. Qd3 Nxf1 19. Kxf1 Rfd8 20. Bd2 Qe6 21. exd5
Rxd5 22. Qe4 Rd7 23. Rb1 f5 24. Qe2 Rad8 25. b5 cxb5 26. axb5 Rxd2 27. Nxd2
Bxc5 28. Nc4 e4 29. Na5 Rd3 30. c4 Bb6 31. Nc6 Qd6 32. Nb4 Qd4 0-1

[Event "Politiken Cup 2007"]
[Site "Helsingor"]
[Date "2007.07.22"]
[Round "2.95"]
[White "Skovgaard, Tom"]
[Black "Jørgensen, Carina Eilegaard"]
[Result "0-1"]
[WhiteElo "1995"]
[BlackElo "1726"]
[PlyCount "130"]
[EventDate "2007.??.??"]

1. e4 c5 2. Nf3 d6 3. d4 cxd4 4. Nxd4 Nc6 5. Nc3 Nf6 6. Bc4 Bd7 7. Bb3 g6 8. h3
Bg7 9. Be3 O-O 10. O-O a6 11. f4 Rc8 12. Qf3 Na5 13. f5 Nc4 14. Bxc4 Rxc4 15.
Rad1 e5 16. fxe6 fxe6 17. Qe2 Qc7 18. Qd3 Ne8 19. Rxf8+ Kxf8 20. Qd2 Kg8 21.
Nf3 Bxc3 22. bxc3 Rxc3 23. Bd4 Rxc2 24. Qh6 e5 25. Be3 Ba4 26. Rf1 Qg7 27. Qh4
Bb5 28. Bh6 Qf6 29. Bg5 Rxg2+ 30. Kxg2 Bxf1+ 31. Kf2 Qf7 32. Qg4 Bb5 33. Bh6
Bd7 34. Qh4 Qxa2+ 35. Kg3 Qe6 36. Ng5 Qf6 37. Kg2 Bb5 38. Qe1 Bd3 39. Qc1 Qf4
40. Qc8 Bxe4+ 41. Nxe4 Qxe4+ 42. Kg3 Qd3+ 43. Kh2 Kf7 44. Qd7+ Kf6 45. Qxe8 e4
46. Qf8+ Ke6 47. Qc8+ Kd5 48. Qxb7+ Kd4 49. Qb2+ Kd5 50. Qb7+ Kd4 51. Qa7+ Kc3
52. Qc7+ Kb3 53. Qb6+ Ka2 54. Qa5+ Kb1 55. Qe1+ Kc2 56. Qf2+ Kd1 57. Qg1+ Ke2
58. Qg2+ Ke1 59. Qg1+ Qf1 60. Bd2+ Ke2 61. Qe3+ Kd1 62. Qd4 Qe2+ 63. Kg3 Qd3+
64. Qxd3 exd3 65. Ba5 d2 0-1

[Event "Politiken Cup 2007"]
[Site "Helsingor"]
[Date "2007.07.22"]
[Round "2.96"]
[White "Madsen, Tobias Juul"]
[Black "Knudsen, Jes West"]
[Result "0-1"]
[WhiteElo "1651"]
[BlackElo "1990"]
[PlyCount "120"]
[EventDate "2007.??.??"]

1. e4 d5 2. exd5 Nf6 3. Nf3 Nxd5 4. d4 Bg4 5. Bc4 e6 6. O-O Nc6 7. c3 Be7 8.
Be3 Nxe3 9. fxe3 O-O 10. Nbd2 a6 11. Qc2 Bf5 12. e4 Bg6 13. Rae1 Na5 14. Bd3 c5
15. Qb1 b5 16. Rd1 Nc6 17. e5 cxd4 18. Bxg6 hxg6 19. Qe4 dxc3 20. Qxc6 cxd2 21.
Rxd2 Qc8 22. Qd7 Qc5+ 23. Rdf2 Rfd8 24. Qb7 Qa7 25. Qxa7 Rxa7 26. Kh1 Rad7 27.
g3 g5 28. g4 Bc5 29. Rc2 Be3 30. Re1 Rd1 31. Rce2 Bf4 32. Kg2 Rxe1 33. Rxe1 Rd5
34. b3 b4 35. Re2 Rc5 36. Kf2 Kf8 37. h3 Ke7 38. Kg2 Kd7 39. Kf2 Kc7 40. Kg2
Kb6 41. Kf2 a5 42. Kg2 a4 43. bxa4 Ka5 44. Nd4 Kxa4 45. Nf3 Ka3 46. Kf2 Rc1 47.
Nd4 Rh1 48. Nc2+ Ka4 49. Kg2 Rh2+ 50. Kf1 Rxh3 51. Kg1 Rg3+ 52. Rg2 Rxg2+ 53.
Kxg2 Bxe5 54. Kf3 Bc3 55. Ke4 g6 56. Kd3 f5 57. Ke2 Kb5 58. Ne3 f4 59. Nd1 Bd4
60. Kf3 Kc4 0-1

[Event "Politiken Cup 2007"]
[Site "Helsingor"]
[Date "2007.07.22"]
[Round "2.97"]
[White "Goes, Dirk"]
[Black "Thorfinnsdottir, Elsa Maria"]
[Result "1/2-1/2"]
[WhiteElo "1987"]
[BlackElo "1693"]
[PlyCount "114"]
[EventDate "2007.??.??"]

1. d4 d5 2. Bf4 Nf6 3. e3 Bf5 4. Nf3 e6 5. Ne5 Bd6 6. f3 Bxe5 7. Bxe5 Nbd7 8.
g4 Bg6 9. Bg3 c5 10. h4 h6 11. Bd3 Bxd3 12. Qxd3 Qb6 13. Nc3 cxd4 14. exd4 a6
15. O-O-O Qc6 16. Rhe1 b5 17. Be5 O-O-O 18. Ne2 Nxe5 19. dxe5 Nd7 20. Nd4 Qc4
21. b3 Qxd3 22. cxd3 Kb7 23. b4 Rc8+ 24. Kd2 Rc7 25. f4 Re8 26. Nb3 Rec8 27.
Rc1 Rxc1 28. Rxc1 Rxc1 29. Kxc1 g5 30. hxg5 hxg5 31. Kd2 gxf4 32. d4 Kb6 33.
Ke2 Nf8 34. Kf3 Ng6 35. Nc5 a5 36. a3 axb4 37. axb4 Kc6 38. Nd3 Kd7 39. Nxf4
Ne7 40. Ne2 Nc6 41. Kf4 Nxb4 42. Kg5 Nc2 43. Kf6 Ke8 44. g5 b4 45. g6 fxg6 46.
Kxe6 Ne3 47. Kf6 b3 48. Nc3 b2 49. e6 Ng4+ 50. Kxg6 Ke7 51. Kf5 Nf6 52. Ke5
Ng4+ 53. Kxd5 Ne3+ 54. Ke4 Nd1 55. Nb1 Kxe6 56. d5+ Kd6 57. Kd4 Ne3 1/2-1/2

[Event "Politiken Cup 2007"]
[Site "Helsingor"]
[Date "2007.07.22"]
[Round "2.98"]
[White "Baldursson, Gestur"]
[Black "Mamak, Wojciech"]
[Result "0-1"]
[WhiteElo "1625"]
[BlackElo "1985"]
[PlyCount "32"]
[EventDate "2007.??.??"]

1. e4 c5 2. Nf3 e6 3. c4 Nc6 4. Nc3 g6 5. g3 Bg7 6. d3 Nge7 7. Bg2 O-O 8. O-O
b6 9. Bf4 Bb7 10. Rc1 Nd4 11. Bd6 a6 12. Nxd4 Bxd4 13. Rc2 Re8 14. Ne2 Nc6 15.
e5 Qc8 16. Bxc6 Qxc6 0-1

[Event "Politiken Cup 2007"]
[Site "Helsingor"]
[Date "2007.07.22"]
[Round "2.99"]
[White "Koskinen, Veikko"]
[Black "Clausen, HansJørgen"]
[Result "1-0"]
[WhiteElo "1977"]
[BlackElo "1667"]
[PlyCount "83"]
[EventDate "2007.??.??"]

1. e4 b6 2. Nf3 Bb7 3. Qe2 e6 4. g3 d6 5. Bg2 Nd7 6. O-O Ngf6 7. d3 Be7 8. Nbd2
O-O 9. Ne1 Ne5 10. f4 Nc6 11. c3 g6 12. d4 d5 13. e5 Nh5 14. Bh3 Ng7 15. g4 Bc8
16. Ndf3 Bd7 17. Nc2 Na5 18. Ne3 a6 19. Rf2 Bb5 20. Qc2 Bh4 21. Rg2 Be7 22. f5
Nc4 23. f6 Nxe3 24. Bxe3 Bxf6 25. exf6 Qxf6 26. Qf2 Qe7 27. Re1 Bd3 28. Qd2 Be4
29. Rf2 f6 30. Bg2 c6 31. Bh6 Qd7 32. h3 Rae8 33. Nh2 Bxg2 34. Kxg2 Rf7 35.
Bxg7 Kxg7 36. Nf3 g5 37. Ref1 h6 38. Ne5 fxe5 39. Rxf7+ Qxf7 40. Rxf7+ Kxf7 41.
Qf2+ Kg7 42. dxe5 1-0

[Event "Politiken Cup 2007"]
[Site "Helsingor"]
[Date "2007.07.22"]
[Round "2.100"]
[White "Jeppesen, Asger Sandahl"]
[Black "Svanholm, Børge Waaktaar"]
[Result "0-1"]
[WhiteElo "1607"]
[BlackElo "1977"]
[PlyCount "70"]
[EventDate "2007.??.??"]

1. Nf3 Nf6 2. d4 g6 3. g3 Bg7 4. Bg2 d6 5. O-O O-O 6. c4 Nc6 7. Nc3 e5 8. dxe5
Nxe5 9. Nxe5 dxe5 10. Be3 c6 11. Bc5 Re8 12. Qb3 Qc7 13. Rfd1 Bf8 14. Bxf8 Kxf8
15. Qc2 Be6 16. b3 Rad8 17. Rxd8 Rxd8 18. Rd1 Rd4 19. e3 Rd7 20. Rd2 Qd8 21.
Rxd7 Qxd7 22. Qd1 Ke7 23. Qxd7+ Nxd7 24. Ne4 f5 25. Ng5 Bg8 26. h4 Kd6 27. Nf3
a5 28. Kf1 Kc5 29. Ke1 Kb4 30. Kd1 Kc3 31. Kc1 a4 32. Nd2 axb3 33. axb3 Nc5 34.
b4 Kxb4 35. Bf1 Nb3+ 0-1

[Event "Politiken Cup 2007"]
[Site "Helsingor"]
[Date "2007.07.22"]
[Round "2.101"]
[White "Danielsson, Robert"]
[Black "Rostgaard, Tobias Valentin"]
[Result "1-0"]
[WhiteElo "1973"]
[BlackElo "1656"]
[PlyCount "99"]
[EventDate "2007.??.??"]

1. d4 Nf6 2. c4 e6 3. Nc3 Bb4 4. Qb3 Bxc3+ 5. Qxc3 O-O 6. Nf3 h6 7. e3 c5 8.
Bd3 cxd4 9. exd4 d5 10. O-O Nc6 11. a3 Ne4 12. Qc2 f5 13. c5 Qf6 14. b4 a6 15.
Bb2 Bd7 16. Ne5 Nxe5 17. dxe5 Qe7 18. f3 Ng5 19. a4 Rfc8 20. Bd4 Nf7 21. b5
axb5 22. axb5 Qe8 23. Qb3 Qd8 24. Qb2 Nh8 25. g3 Ng6 26. Rxa8 Rxa8 27. Ra1 h5
28. f4 h4 29. Kg2 Qe8 30. Rxa8 Qxa8 31. Qa1 Qxa1 32. Bxa1 hxg3 33. hxg3 Ne7 34.
Bc3 Nc8 35. Ba5 Na7 36. c6 Nxc6 37. bxc6 bxc6 38. Bb4 Bc8 39. Kf2 Kf7 40. Ke3
g5 41. Kd4 g4 42. Kc5 Ke7 43. Kxc6+ Kd8 44. Kd6 Bd7 45. Ba6 Ke8 46. Bb7 Kd8 47.
Bc6 Bxc6 48. Kxc6 Ke8 49. Kd6 Kf7 50. Bc5 1-0

[Event "Politiken Cup 2007"]
[Site "Helsingor"]
[Date "2007.07.22"]
[Round "2.102"]
[White "Mæchel, Michael"]
[Black "Frank-Nielsen, Marie"]
[Result "0-1"]
[WhiteElo "1605"]
[BlackElo "1967"]
[PlyCount "42"]
[EventDate "2007.??.??"]

1. e4 c5 2. Nf3 e6 3. d4 cxd4 4. Nxd4 Nf6 5. Bd3 Nc6 6. Nxc6 bxc6 7. O-O d5 8.
exd5 exd5 9. Bg5 Be7 10. Re1 O-O 11. Qe2 Be6 12. Nd2 h6 13. Bh4 Re8 14. Rad1 g5
15. Bg3 Bg4 16. Nf3 Bb4 17. Be5 Bxe1 18. Rxe1 Nd7 19. Qe3 Bxf3 20. Qxf3 Nxe5
21. Qh5 Nxd3 0-1

[Event "Politiken Cup 2007"]
[Site "Helsingor"]
[Date "2007.07.22"]
[Round "2.103"]
[White "Tuomisto, Keijo"]
[Black "Moustgaard, Alvin"]
[Result "1-0"]
[WhiteElo "1965"]
[BlackElo "1607"]
[PlyCount "63"]
[EventDate "2007.??.??"]

1. e4 c5 2. Nc3 e6 3. Nf3 Nc6 4. d4 cxd4 5. Nxd4 Nf6 6. Bg5 Qa5 7. Bxf6 gxf6 8.
Nb3 Qe5 9. Qd2 Bb4 10. O-O-O O-O 11. Bd3 a5 12. a4 Na7 13. f4 Qc7 14. Nd4 d6
15. f5 e5 16. Nde2 Kg7 17. Qe3 Rg8 18. Nd5 Qd8 19. Qh3 b5 20. Ng3 bxa4 21. c3
a3 22. Nh5+ Kf8 23. cxb4 axb2+ 24. Kxb2 Rb8 25. Nhxf6 Rxb4+ 26. Kc2 Bxf5 27.
Qh6+ Rg7 28. exf5 Qc8+ 29. Kd2 Rb2+ 30. Ke1 Rbxg2 31. Nxh7+ Ke8 32. Nhf6+ 1-0

[Event "Politiken Cup 2007"]
[Site "Helsingor"]
[Date "2007.07.22"]
[Round "2.104"]
[White "Hlynsson, Hugi"]
[Black "Nielsen, Preben"]
[Result "0-1"]
[WhiteElo "1560"]
[BlackElo "1962"]
[PlyCount "54"]
[EventDate "2007.??.??"]

1. f4 d5 2. Nf3 Nf6 3. e3 c5 4. Bb5+ Bd7 5. Bxd7+ Nbxd7 6. b3 g6 7. Bb2 Bg7 8.
O-O O-O 9. Qe1 Qc7 10. d3 Rae8 11. Qh4 Nh5 12. Bxg7 Kxg7 13. Nbd2 e5 14. f5 Qd8
15. g4 Qxh4 16. Nxh4 Nhf6 17. g5 Nh5 18. f6+ Kg8 19. c4 h6 20. cxd5 hxg5 21.
Ng2 Nhxf6 22. e4 Kg7 23. Ne3 Rh8 24. Kg2 Nh5 25. Nf3 Nf4+ 26. Kg3 Rh3+ 27. Kg4
Nf6+ 0-1

[Event "Politiken Cup 2007"]
[Site "Helsingor"]
[Date "2007.07.22"]
[Round "2.105"]
[White "Petersen, Lars"]
[Black "Christensen, Christoffer E"]
[Result "1-0"]
[WhiteElo "1958"]
[BlackElo "1581"]
[PlyCount "45"]
[EventDate "2007.??.??"]

1. e4 e6 2. d4 d5 3. Nc3 Nf6 4. Bg5 dxe4 5. Bxf6 Qxf6 6. Nxe4 Qd8 7. Bd3 b6 8.
Nf3 Bb7 9. Ne5 Bd6 10. Qg4 g6 11. Qf3 Bxe5 12. dxe5 Nd7 13. Bb5 Kf8 14. O-O-O
Qh4 15. Rxd7 f5 16. Qa3+ c5 17. Nxc5 bxc5 18. Qxc5+ Kg8 19. Rxb7 Qh6+ 20. Kb1
Rd8 21. Qc7 Qf8 22. Bc4 Re8 23. Qd7 1-0